• 首页
  • 本馆介绍
  • 公告通知
  • 最新文献
  • 馆藏检索
  • 电子资源
  • 读者导购
  • 参考咨询
  • 我的图书馆
  • 登录
  • 详细信息显示
  • 放入我的书架
  • 预约/预借图书
  • 作者相关作品
  • 分类相关作品
  • 丛书相关作品
  • 出版社相关作品

书目信息

  • 表格格式
  • 工作单格式
  • 卡片格式
题名:
非线性光学
    
 
作者: 布洛姆伯根 著 ;吴存恺 , 沈文达 , 沃新能 译
分册:  
出版信息: 北京   科学出版社  1987
页数: 312页
开本: 19cm
丛书名:
单 册:
中图分类: O437
科图分类:
主题词: 非线性光学
电子资源:
ISBN:
000 00795nam0 2200277 45
001 0187008884
005 20041221081027.4
010    @dCNY2.40
091    @a13031.3422
100    @a19900808d1987 emky0chiy0121 ea
101 1  @achi@ceng
102    @aCN@b110000
105    @ay z 000yy
200 10 @a非线性光学@Afei xian xing guang xue@dNonlinear optics@f(美)N.布洛姆伯根著@F(Mei)N.Bu Luo Mu Bo Gen Zhu@g吴存恺等译
210    @a北京@c科学出版社@d1987
215    @a312页@d19cm
606    @a非线性光学
610 0  @a光学
690    @aO437@v3
701  0 @a布洛姆伯根@4著
702  0 @a吴存恺@Awu cun kai@4译
702  0 @a沈文达@Ashen wen da@4译
702  0 @a沃新能@Awo xin neng@4译
801  0 @aCN@b深圳图书馆@c20040701
801  2 @aCN@bNLC@c20040701
905    @dO437@e22@f1@b169362
    
    非线性光学=Nonlinear optics/(美)N.布洛姆伯根著/吴存恺等译.-北京:科学出版社,1987
    312页;19cm
    
    
    ISBN :CNY2.40
    
●
相关链接 在E读中查询图书 在五车中查询图书 在当当中查询图书 在豆瓣中查询图书


正题名:非线性光学     索取号:O437/22         预约/预借

序号 登录号 条形码 馆藏地/架位号 状态 备注
1 0169362   001977276   第三借阅区/ [索取号:O437/22] 在馆    
2 0169363   001943437   第三借阅区/ [索取号:O437/22] 在馆    
3 0169364   001461439   第二样本阅览室/ [索取号:O437/22] 在馆    
唐山师范学院图书馆 欢迎您!
大连网信软件有限公司© 版权所有